[Event "Mittelfrank Regionalliga Sud-Ost 2223"]
[Site "Mittelfranken"]
[Date "2023.03.19"]
[Round "8.3"]
[White "Walter, Tobias"]
[Black "Knoblauch, Leonhard"]
[Result "1/2-1/2"]
[WhiteElo "2096"]
[BlackElo "2064"]
[PlyCount "50"]
[EventDate "2022.10.09"]
[EventType "team-tourn"]
[EventRounds "9"]
[EventCountry "GER"]
[SourceTitle "EXT 2024"]
[Source "ChessBase"]
[SourceDate "2023.10.10"]
[SourceVersion "1"]
[SourceVersionDate "2023.10.10"]
[SourceQuality "1"]
[WhiteTeam "Groebenzell II"]
[BlackTeam "Ilmmuenster"]
[WhiteTeamCountry "GER"]
[BlackTeamCountry "GER"]

1. d4 Nf6 2. Bf4 e6 3. e3 d5 4. Nd2 c5 5. c3 Qb6 6. Rb1 Bd7 7. Bd3 Bb5 8. Bc2 Qa6 9. Ngf3 Nbd7 10. a4 Bd3 11. Bxd3 Qxd3 12. Qe2 Qxe2+ 13. Kxe2 Be7 14. h3 0-0 15. Ne5 Nxe5 16. Bxe5 Nd7 17. Bg3 Rac8 18. Nf3 cxd4 19. exd4 Rc4 20. Ra1 Nb6 21. a5 Nd7 22. Ne5 Nxe5 23. Bxe5 Re8 24. Kd3 f6 25. Bg3 Kf7 1/2-1/2

[Event "Mittelfrank Regionalliga Sud-Ost 2223"]
[Site "Mittelfranken"]
[Date "2023.02.05"]
[Round "6.3"]
[White "Walter, Tobias"]
[Black "Mooser, Nicolas"]
[Result "1-0"]
[WhiteElo "2096"]
[BlackElo "2037"]
[PlyCount "77"]
[EventDate "2022.10.09"]
[EventType "team-tourn"]
[EventRounds "9"]
[EventCountry "GER"]
[SourceTitle "EXT 2024"]
[Source "ChessBase"]
[SourceDate "2023.10.10"]
[SourceVersion "1"]
[SourceVersionDate "2023.10.10"]
[SourceQuality "1"]
[WhiteTeam "Groebenzell II"]
[BlackTeam "Ergolding"]
[WhiteTeamCountry "GER"]
[BlackTeamCountry "GER"]

1. d4 d5 2. Bf4 e6 3. e3 Nf6 4. Nd2 Bd6 5. Ngf3 c5 6. Bb5+ Nc6 7. Bxd6 Qxd6 8. c3 0-0 9. 0-0 Bd7 10. a4 a6 11. Be2 e5 12. Nc4 dxc4 13. dxe5 Qxd1 14. Rfxd1 Be6 15. exf6 gxf6 16. Nd2 Ne5 17. Ne4 Kg7 18. Nxc5 Bf5 19. Nxb7 Rab8 20. Nd6 Bd3 21. Bxd3 cxd3 22. b4 a5 23. b5 Rfd8 24. Nf5+ Kg6 25. Nd4 Rbc8 26. f4 Nd7 27. Nc6 Rxc6 28. bxc6 Nc5 29. Rab1 Rc8 30. Rb5 Nxa4 31. Rxd3 Rxc6 32. Rxa5 Nxc3 33. Rd8 Ne4 34. Rg8+ Kh6 35. g4 Rc1+ 36. Kg2 Rc2+ 37. Kh3 Rc5 38. Rxc5 Nxc5 39. Kh4 1-0

[Event "Mittelfrank Regionalliga Sud-Ost 2223"]
[Site "Mittelfranken"]
[Date "2023.01.15"]
[Round "5.4"]
[White "Shen, Tingrui"]
[Black "Walter, Tobias"]
[Result "1-0"]
[WhiteElo "2044"]
[BlackElo "2096"]
[PlyCount "75"]
[EventDate "2022.10.09"]
[EventType "team-tourn"]
[EventRounds "9"]
[EventCountry "GER"]
[SourceTitle "EXT 2024"]
[Source "ChessBase"]
[SourceDate "2023.10.10"]
[SourceVersion "1"]
[SourceVersionDate "2023.10.10"]
[SourceQuality "1"]
[WhiteTeam "Tegernsee"]
[BlackTeam "Groebenzell II"]
[WhiteTeamCountry "GER"]
[BlackTeamCountry "GER"]

1. e4 e6 2. d4 d5 3. e5 c5 4. c3 Nc6 5. Nf3 Nh6 6. Bd3 f6 7. 0-0 Nf7 8. Re1 Qb6 9. a3 cxd4 10. cxd4 fxe5 11. dxe5 Bc5 12. Qc2 Nd4 13. Nxd4 Bxd4 14. Be3 Bd7 15. Bxd4 Qxd4 16. Qc3 Qb6 17. Qb4 Qxb4 18. axb4 Ke7 19. f4 g5 20. g3 gxf4 21. gxf4 a6 22. Nc3 Nh6 23. h3 Raf8 24. Rf1 Nf5 25. Kf2 Nd4 26. Kg1 Rhg8+ 27. Kh2 Rg7 28. Ne2 Nc6 29. Ng3 Nxb4 30. Nh5 Rgf7 31. Bb1 Bb5 32. Rc1 Bd3 33. Nf6 Bxb1 34. Raxb1 Nd3 35. Rc3 Nxf4 36. Rbc1 Rxf6 37. Rc7+ Ke8 38. exf6 1-0

[Event "Oberliga Bayern 2223"]
[Site "Germany"]
[Date "2022.10.09"]
[Round "1.8"]
[White "Walter, Tobias"]
[Black "Penn, Peter"]
[Result "1-0"]
[WhiteElo "2059"]
[BlackElo "1820"]
[PlyCount "65"]
[EventDate "2022.10.09"]
[EventType "team-tourn"]
[EventRounds "9"]
[EventCountry "GER"]
[SourceTitle "EXT 2025"]
[Source "ChessBase"]
[SourceDate "2024.10.14"]
[SourceVersion "1"]
[SourceVersionDate "2024.10.14"]
[SourceQuality "1"]
[WhiteTeam "Groebenzell"]
[BlackTeam "Trostberg"]
[WhiteTeamCountry "GER"]
[BlackTeamCountry "GER"]

1. d4 Nf6 2. Bf4 d5 3. e3 e6 4. Nd2 c5 5. c3 Nc6 6. Ngf3 Bd6 7. Bxd6 Qxd6 8. Bb5 0-0 9. 0-0 Bd7 10. a4 Rac8 11. Qb3 c4 12. Qc2 a6 13. Bxc6 Bxc6 14. Ne5 Nd7 15. f4 f6 16. Nxc6 Rxc6 17. e4 e5 18. fxe5 fxe5 19. Rxf8+ Nxf8 20. exd5 Qxd5 21. Qf5 Nd7 22. Nf3 Rf6 23. Qg5 h6 24. Qh5 Re6 25. Re1 Nf6 26. Qf5 e4 27. Qxd5 Nxd5 28. Nd2 b5 29. axb5 axb5 30. Rxe4 Ra6 31. Re5 Nf4 32. Rxb5 Nd3 33. g3 1-0

[Event "Oberliga Bayern 2122"]
[Site "Bayern"]
[Date "2022.03.20"]
[Round "4.7"]
[White "Braun, Michael1"]
[Black "Walter, Tobias"]
[Result "1-0"]
[WhiteElo "2093"]
[BlackElo "2084"]
[PlyCount "77"]
[EventDate "2021.10.24"]
[EventType "team-tourn"]
[EventRounds "9"]
[EventCountry "GER"]
[SourceTitle "EXT 2024"]
[Source "ChessBase"]
[SourceDate "2023.10.10"]
[SourceVersion "1"]
[SourceVersionDate "2023.10.10"]
[SourceQuality "1"]
[WhiteTeam "Nuernberg NT"]
[BlackTeam "Groebenzell"]
[WhiteTeamCountry "GER"]
[BlackTeamCountry "GER"]

1. d4 d5 2. c4 e6 3. g3 Nf6 4. Bg2 Be7 5. Nf3 0-0 6. 0-0 c6 7. Nc3 Nbd7 8. Qd3 b6 9. e4 Ba6 10. b3 dxe4 11. Nxe4 Rc8 12. Rd1 Nxe4 13. Qxe4 Bf6 14. Ba3 c5 15. Rd2 Qc7 16. Rad1 Rfe8 17. Qc2 Rcd8 18. Bb2 Bb7 19. dxc5 bxc5 20. a3 Bc6 21. Bxf6 Nxf6 22. b4 Be4 23. Qc3 Rc8 24. b5 Qb7 25. a4 a6 26. h3 h6 27. Qe3 axb5 28. axb5 Ra8 29. Ne1 Bxg2 30. Nxg2 Ra4 31. Rc2 Ne4 32. Qf3 Qa8 33. Rd7 Ng5 34. Qxa8 Rexa8 35. Nf4 Rc8 36. Kg2 e5 37. Nd5 Rca8 38. b6 Ne6 39. b7 1-0

[Event "Landesliga Sued 1920"]
[Site "Bayern"]
[Date "2019.12.08"]
[Round "4.8"]
[White "Lerch, Martin"]
[Black "Walter, Tobias"]
[Result "0-1"]
[WhiteElo "1977"]
[BlackElo "2099"]
[PlyCount "72"]
[EventDate "2019.09.29"]
[EventType "team-tourn"]
[EventRounds "9"]
[EventCountry "GER"]
[SourceTitle "EXT 2021"]
[Source "ChessBase"]
[SourceDate "2020.10.23"]
[SourceVersion "1"]
[SourceVersionDate "2020.10.23"]
[SourceQuality "1"]
[WhiteTeam "MSA Zugzwang II"]
[BlackTeam "Groebenzell"]
[WhiteTeamCountry "GER"]
[BlackTeamCountry "GER"]

1. e4 e6 2. b3 d5 3. Bb2 Nf6 4. e5 Nfd7 5. d4 c5 6. c3 Nc6 7. f4 Be7 8. Nf3 f6 9. Nbd2 Qb6 10. Rc1 cxd4 11. cxd4 0-0 12. Bd3 fxe5 13. fxe5 Rf4 14. 0-0 a5 15. a3 Nf8 16. Kh1 Bd7 17. Qe2 Be8 18. Qe3 Rf7 19. Ng1 Rxf1 20. Rxf1 Bg6 21. Ne2 Bxd3 22. Qxd3 Ng6 23. g3 Rf8 24. Rxf8+ Nxf8 25. Nf3 Na7 26. Kg2 a4 27. b4 Qc6 28. Qc3 Nb5 29. Qxc6 bxc6 30. Nf4 Kf7 31. Nd3 Nd7 32. Nc5 Nb6 33. Ne1 Bxc5 34. dxc5 Nc4 35. Nd3 Nbxa3 36. Bxa3 Nxa3 0-1

[Event "Landesliga Sued 1819"]
[Site "Bayern"]
[Date "2018.11.11"]
[Round "2.7"]
[White "Demel, Paul"]
[Black "Walter, Tobias"]
[Result "0-1"]
[WhiteElo "2045"]
[BlackElo "2106"]
[PlyCount "60"]
[EventDate "2018.10.21"]
[EventType "team-tourn"]
[EventRounds "9"]
[EventCountry "GER"]
[SourceTitle "EXT 2022"]
[Source "ChessBase"]
[SourceDate "2021.10.06"]
[SourceVersion "1"]
[SourceVersionDate "2021.10.06"]
[SourceQuality "1"]
[WhiteTeam "Kriegshaber SK"]
[BlackTeam "Groebenzell"]
[WhiteTeamCountry "GER"]
[BlackTeamCountry "GER"]

1. Nf3 d5 2. d4 Nf6 3. c4 e6 4. Nc3 Nbd7 5. Bg5 c6 6. e3 Qa5 7. cxd5 Nxd5 8. Qd2 h6 9. Bh4 Bb4 10. Rc1 c5 11. a3 Bxc3 12. bxc3 0-0 13. Bd3 b6 14. 0-0 Ba6 15. Bxa6 Qxa6 16. Qb2 cxd4 17. cxd4 Rac8 18. Bg3 N7f6 19. Ne5 Ne4 20. Nc6 Qa4 21. Nb4 a5 22. Nxd5 exd5 23. Rxc8 Rxc8 24. Qxb6 Qxa3 25. Qb7 Rc1 26. h3 Rxf1+ 27. Kxf1 Qc1+ 28. Ke2 Qd2+ 29. Kf3 Qd1+ 30. Kf4 Qh5 0-1

[Event "Oberbayern-ch"]
[Site "Groebenzell"]
[Date "2018.05.13"]
[Round "7.3"]
[White "Glawe, Ralf"]
[Black "Walter, Tobias"]
[Result "1/2-1/2"]
[WhiteElo "2059"]
[BlackElo "2116"]
[PlyCount "148"]
[EventDate "2018.05.10"]
[EventType "swiss"]
[EventRounds "7"]
[EventCountry "GER"]
[SourceTitle "EXT 2022"]
[Source "ChessBase"]
[SourceDate "2021.10.06"]
[SourceVersion "1"]
[SourceVersionDate "2021.10.06"]
[SourceQuality "1"]

1. e4 e6 2. d4 d5 3. Nd2 c5 4. exd5 exd5 5. Ngf3 Nf6 6. Bb5+ Bd7 7. Qe2+ Be7 8. dxc5 0-0 9. 0-0 Bxc5 10. Nb3 Bb6 11. Bg5 h6 12. Bh4 Re8 13. Qd3 Nc6 14. c3 a6 15. Bxc6 bxc6 16. Rfe1 Re4 17. Rxe4 dxe4 18. Bxf6 exd3 19. Bxd8 Rxd8 20. Ne5 c5 21. Nxd7 Rxd7 22. Kf1 Kf8 23. c4 Ke7 24. Rd1 g5 25. Ke1 Ke6 26. Kd2 Ke5 27. Re1+ Kf5 28. Re3 Bc7 29. Rxd3 Bf4+ 30. Kc2 Re7 31. Rd5+ Kf6 32. Kd1 Bxh2 33. Nxc5 h5 34. Nd3 h4 35. f3 Bg3 36. b4 Kg6 37. a4 f5 38. c5 g4 39. fxg4 fxg4 40. Rd4 Kf5 41. Rd8 h3 42. gxh3 gxh3 43. Rf8+ Kg4 44. Nf2+ Bxf2 45. Rxf2 Kg3 46. Rd2 Re4 47. c6 Rc4 48. Rc2 h2 49. Rxc4 h1Q+ 50. Kd2 Qd5+ 51. Kc3 Qe5+ 52. Kd3 Qc7 53. b5 a5 54. b6 Qxb6 55. c7 Qd6+ 56. Kc3 Qf6+ 57. Kd3 Qf5+ 58. Kd4 Qd7+ 59. Kc3 Qc8 60. Rc5 Kf4 61. Kc4 Ke4 62. Kb5 Kd4 63. Rc4+ Kd5 64. Rc5+ Kd6 65. Rc6+ Kd7 66. Rc4 Qb7+ 67. Kxa5 Kc8 68. Rc5 Qb3 69. Rc6 Qd5+ 70. Kb6 Qd3 71. a5 Qb3+ 72. Kc5 Qc3+ 73. Kb5 Qb3+ 74. Kc5 Qc3+ 1/2-1/2

[Event "Oberbayern-ch"]
[Site "Groebenzell"]
[Date "2018.05.10"]
[Round "1.4"]
[White "Ott, Josef Sebastian"]
[Black "Walter, Tobias"]
[Result "0-1"]
[WhiteElo "2020"]
[BlackElo "2116"]
[PlyCount "56"]
[EventDate "2018.05.10"]
[EventType "swiss"]
[EventRounds "7"]
[EventCountry "GER"]
[SourceTitle "EXT 2022"]
[Source "ChessBase"]
[SourceDate "2021.10.06"]
[SourceVersion "1"]
[SourceVersionDate "2021.10.06"]
[SourceQuality "1"]

1. e4 e6 2. d4 d5 3. Nc3 Nf6 4. e5 Nfd7 5. f4 c5 6. Nf3 Nc6 7. Be3 Qb6 8. Na4 Qc7 9. dxc5 Qa5+ 10. Nc3 Bxc5 11. Nd4 Bb4 12. Nb3 Qc7 13. Bd3 Na5 14. 0-0 Nxb3 15. Nb5 Qd8 16. axb3 0-0 17. Bxa7 b6 18. Ra4 Be7 19. b4 Bb7 20. c4 Qc8 21. Qc2 g6 22. b3 Ba6 23. Qf2 Bxb5 24. cxb5 Qc3 25. Bc2 Bxb4 26. Kh1 Rfc8 27. Ra2 Bc5 28. Qe2 Rc7 0-1

[Event "Landesliga Sued 1718"]
[Site "Bayern"]
[Date "2018.04.15"]
[Round "9.7"]
[White "Walter, Tobias"]
[Black "Stoer, Andreas"]
[Result "1-0"]
[WhiteElo "2116"]
[BlackElo "2108"]
[PlyCount "89"]
[EventDate "2017.10.22"]
[EventType "team-tourn"]
[EventRounds "9"]
[EventCountry "GER"]
[SourceTitle "EXT 2022"]
[Source "ChessBase"]
[SourceDate "2021.10.06"]
[SourceVersion "1"]
[SourceVersionDate "2021.10.06"]
[SourceQuality "1"]
[WhiteTeam "Groebenzell"]
[BlackTeam "Kriegshaber SK"]
[WhiteTeamCountry "GER"]
[BlackTeamCountry "GER"]

1. d4 d5 2. Bf4 Nf6 3. e3 g6 4. Nf3 Bg7 5. Be2 c5 6. c3 Nc6 7. 0-0 0-0 8. Nbd2 Nd7 9. Qb3 c4 10. Qc2 e5 11. dxe5 Ndxe5 12. Nxe5 Nxe5 13. Nf3 Bf5 14. Qd2 Nxf3+ 15. Bxf3 Bd3 16. Rfd1 Qa5 17. Be2 Bxe2 18. Qxe2 Rad8 19. Qf3 Rd7 20. h4 Qd8 21. Rd2 Qxh4 22. Rad1 Qd8 23. Rxd5 Rxd5 24. Rxd5 Qc8 25. Qd1 Bf6 26. e4 Rd8 27. e5 Rxd5 28. Qxd5 Bg7 29. Be3 a6 30. a4 h5 31. Bc5 Qf5 32. Bd4 h4 33. Qd8+ Kh7 34. Qxh4+ Kg8 35. Qd8+ Kh7 36. Qd5 Kg8 37. Qxb7 Kh7 38. Qd5 Qf4 39. g3 Qf5 40. Qxc4 Qb1+ 41. Qf1 Qxb2 42. Qxa6 Qb1+ 43. Qf1 Qa2 44. Qb5 g5 45. a5 1-0

[Event "Landesliga Sued 1718"]
[Site "Bayern"]
[Date "2018.03.18"]
[Round "8.8"]
[White "Walter, Tobias"]
[Black "Barth, Thomas"]
[Result "1-0"]
[WhiteElo "2116"]
[BlackElo "1865"]
[PlyCount "37"]
[EventDate "2017.10.22"]
[EventType "team-tourn"]
[EventRounds "9"]
[EventCountry "GER"]
[SourceTitle "EXT 2022"]
[Source "ChessBase"]
[SourceDate "2021.10.06"]
[SourceVersion "1"]
[SourceVersionDate "2021.10.06"]
[SourceQuality "1"]
[WhiteTeam "Groebenzell"]
[BlackTeam "Unterhaching"]
[WhiteTeamCountry "GER"]
[BlackTeamCountry "GER"]

1. d4 Nf6 2. Bf4 c5 3. e3 Qb6 4. Nc3 Qxb2 5. Nb5 Nd5 6. a3 a6 7. Rb1 Qa2 8. Qc1 axb5 9. Ra1 Qxa1 10. Qxa1 Nxf4 11. exf4 c4 12. Qb2 Ra5 13. d5 e6 14. Nf3 Na6 15. Be2 Nc7 16. dxe6 dxe6 17. 0-0 Rxa3 18. Rd1 c3 19. Bxb5+ 1-0

[Event "Landesliga Sued 1718"]
[Site "Bayern"]
[Date "2018.02.25"]
[Round "7.8"]
[White "Wittke, Volker"]
[Black "Walter, Tobias"]
[Result "0-1"]
[WhiteElo "2074"]
[BlackElo "2116"]
[PlyCount "82"]
[EventDate "2017.10.22"]
[EventType "team-tourn"]
[EventRounds "9"]
[EventCountry "GER"]
[SourceTitle "EXT 2022"]
[Source "ChessBase"]
[SourceDate "2021.10.06"]
[SourceVersion "1"]
[SourceVersionDate "2021.10.06"]
[SourceQuality "1"]
[WhiteTeam "Garching II"]
[BlackTeam "Groebenzell"]
[WhiteTeamCountry "GER"]
[BlackTeamCountry "GER"]

1. e4 e6 2. d3 d5 3. Nd2 Nf6 4. Ngf3 Bc5 5. e5 Nfd7 6. g3 Nc6 7. Nb3 Bb6 8. d4 f6 9. exf6 Qxf6 10. Bg2 e5 11. Be3 e4 12. Ng1 0-0 13. Qd2 a5 14. a4 Ne7 15. 0-0-0 Qc6 16. Ne2 Qxa4 17. Nc3 Qb4 18. Kb1 c6 19. Nc1 a4 20. Nxe4 Qxd2 21. Nxd2 Nf5 22. Nf3 Nf6 23. Bf4 Ne4 24. Rhf1 Nfd6 25. Ng5 Bf5 26. f3 Nxg5 27. Bxd6 Rfe8 28. h4 Nf7 29. Ba3 h5 30. Rd2 Re3 31. Ne2 Ba5 32. Nc3 b5 33. Bc5 b4 34. Nd1 Ree8 35. Ka1 Re6 36. Rdf2 Rae8 37. g4 Bg6 38. gxh5 Bf5 39. b3 a3 40. Ka2 Re2 41. Kb1 Bxc2+ 0-1

[Event "Landesliga Sued 1718"]
[Site "Bayern"]
[Date "2017.11.26"]
[Round "3.7"]
[White "Spiesberger, Gerhard"]
[Black "Walter, Tobias"]
[Result "1-0"]
[WhiteElo "2049"]
[BlackElo "2116"]
[PlyCount "79"]
[EventDate "2017.10.22"]
[EventType "team-tourn"]
[EventRounds "9"]
[EventCountry "GER"]
[SourceTitle "EXT 2022"]
[Source "ChessBase"]
[SourceDate "2021.10.06"]
[SourceVersion "1"]
[SourceVersionDate "2021.10.06"]
[SourceQuality "1"]
[WhiteTeam "Rottal Inn"]
[BlackTeam "Groebenzell"]
[WhiteTeamCountry "GER"]
[BlackTeamCountry "GER"]

1. e4 e6 2. Nc3 d5 3. d3 Nf6 4. Nf3 dxe4 5. Nxe4 Nxe4 6. dxe4 Qxd1+ 7. Kxd1 Bc5 8. Be3 Bxe3 9. fxe3 b6 10. Bd3 Bb7 11. Ke2 Nd7 12. b4 Ke7 13. Rhf1 f6 14. h4 h5 15. g3 e5 16. a3 Nf8 17. Rad1 Ne6 18. c3 a5 19. Nd2 Rhg8 20. Kf2 axb4 21. axb4 Ra3 22. Nb1 Ra2+ 23. Rd2 Rga8 24. Rfd1 Rxd2+ 25. Rxd2 Nd8 26. Rc2 Ra4 27. Bb5 Ra1 28. Nd2 Nf7 29. Be2 g6 30. c4 Nd6 31. c5 Nxe4+ 32. Nxe4 Bxe4 33. cxb6 cxb6 34. Rc7+ Ke6 35. Bc4+ Kf5 36. Re7 Kg4 37. Re6 Rb1 38. Rxf6 Rxb4 39. Be6+ Bf5 40. Rxg6+ 1-0

[Event "Erfurt op 25th"]
[Site "Erfurt"]
[Date "2015.12.27"]
[Round "2"]
[White "Walter, Tobias"]
[Black "Osmanodja, Filiz"]
[Result "0-1"]
[WhiteElo "2055"]
[BlackElo "2277"]
[PlyCount "44"]
[EventDate "2015.12.26"]
[EventType "swiss"]
[EventRounds "8"]
[EventCountry "GER"]
[SourceTitle "EXT 2017"]
[Source "ChessBase"]
[SourceDate "2016.10.25"]
[SourceVersion "1"]
[SourceVersionDate "2016.10.25"]
[SourceQuality "1"]

1. d4 Nf6 2. Bf4 e6 3. e3 c5 4. c3 cxd4 5. exd4 b6 6. Nf3 Be7 7. Bd3 0-0 8. h3 Bb7 9. 0-0 d6 10. Qe2 a6 11. Nbd2 Nbd7 12. Ne4 Nxe4 13. Bxe4 Bxe4 14. Qxe4 Nf6 15. Qe2 b5 16. a4 Qb6 17. Ra3 b4 18. Rb3 Qa5 19. Rxb4 Nd5 20. Rb7 Nxf4 21. Qe4 Ng6 22. h4 h5 0-1

[Event "Bayern-chI Bank Hofmann 19th"]
[Site "Bad Wiessee"]
[Date "2015.11.07"]
[Round "8"]
[White "Walter, Tobias"]
[Black "Lorenz, Sascha"]
[Result "1/2-1/2"]
[WhiteElo "1927"]
[BlackElo "2238"]
[PlyCount "42"]
[EventDate "2015.10.31"]
[EventType "swiss"]
[EventRounds "9"]
[EventCountry "GER"]
[SourceTitle "EXT 2017"]
[Source "ChessBase"]
[SourceDate "2016.10.25"]
[SourceVersion "1"]
[SourceVersionDate "2016.10.25"]
[SourceQuality "1"]

1. d4 f5 2. Bf4 Nf6 3. e3 e6 4. Nf3 Be7 5. h3 b6 6. Bd3 Bb7 7. Nbd2 0-0 8. Qe2 c5 9. c3 Ne4 10. 0-0-0 a6 11. Bc2 b5 12. Nxe4 Bxe4 13. Bxe4 fxe4 14. Nd2 cxd4 15. cxd4 d5 16. f3 Nc6 17. fxe4 Nxd4 18. exd4 Rxf4 19. Rhf1 Rxf1 20. Rxf1 Bg5 21. Kb1 Bxd2 1/2-1/2

[Event "Bayern-chI Bank Hofmann 19th"]
[Site "Bad Wiessee"]
[Date "2015.10.31"]
[Round "1"]
[White "Schnepp, Gunnar"]
[Black "Walter, Tobias"]
[Result "1-0"]
[WhiteElo "2321"]
[BlackElo "1927"]
[PlyCount "63"]
[EventDate "2015.10.31"]
[EventType "swiss"]
[EventRounds "9"]
[EventCountry "GER"]
[SourceTitle "EXT 2017"]
[Source "ChessBase"]
[SourceDate "2016.10.25"]
[SourceVersion "1"]
[SourceVersionDate "2016.10.25"]
[SourceQuality "1"]

1. d4 d5 2. c4 e6 3. Nc3 Nf6 4. Nf3 Nbd7 5. e3 c6 6. Bd3 Be7 7. 0-0 dxc4 8. Bxc4 b5 9. Bd3 Bb7 10. e4 a6 11. e5 Nd5 12. Ne4 h6 13. Bd2 c5 14. dxc5 Nxc5 15. Nxc5 Bxc5 16. Qe2 Qb6 17. a4 b4 18. a5 Qa7 19. Rac1 Bd4 20. Rc2 Rc8 21. Rfc1 Rxc2 22. Rxc2 b3 23. Rc4 Bc5 24. Be1 g5 25. g3 Bc6 26. Rc1 Nc7 27. Nd2 Bd5 28. Ne4 Be7 29. Nd6+ Kf8 30. Qh5 Bxd6 31. exd6 Ne8 32. Bc3 1-0